Faille Temporelle : Lequel est apparu en premier ? - Statistiques

Statistiques générales
  • Ce quiz a été pris 578 fois
  • Le résultat moyen est 7 sur 15
Statistiques - réponses
Question Réponse % Correct
Qui est le plus vieux : les Patins à Roulettes ou les Etats-Unis
62%
Qui est le plus vieux : Le Télescope ou le Champagne
60%
Qui est le plus vieux : Le Métro ou la Guerre de Sécession
59%
Qui est le plus vieux : Le Briquet ou l'allumette ?
57%
Qui est le plus vieux : Le Coca-Cola ou la Tour Eiffel
55%
Qui est le plus vieux : Les Pyramides ou les derniers Mammouths Laineux
53%
Qui est le plus vieux : L'Ordinateur ou le Bikini
52%
Qui est le plus vieux : Le Code Barre ou le Premier Homme sur la Lune
45%
Qui est le plus vieux : la Roue ou le Bateau
45%
Qui est le plus vieux : Le Vatican ou la Marque de voitures Ford
36%
Qui est le plus vieux : Les Requins ou les Anneaux de Saturne
35%
Qui est le plus vieux : la Nintendo NES ou le CD (Compact Disc)
33%
Qui est le plus vieux : Le Dentifrice ou l'Imprimerie
32%
Qui est le plus vieux : Le Fax ou le Téléphone
23%
Qui est le plus vieux : l'Aspirateur ou la Voiture à Essence
22%
Aucun quiz correspondant
Distribution des résultats
% des personnes avec chaque résultat
Percentile par nombre de réponses
Votre historique - résultats
Vous n’avez pas pris ce quiz